Countries that have Moved Capitals in Last 50 Years - Statistics

General Stats
  • This quiz has been taken 26 times
  • The average score is 8 of 8
Answer Stats
Year Moved Old Capital New Capital Country % Correct
1970 Belize City Belmopan Belize
100%
1997 Almaty Astana Kazakhstan
100%
2005 Yangon (Rangoon) Naypyidaw Myanmar
100%
1991 Lagos Abuja Nigeria
100%
1977 Colombo Sri Jayawardenepura Kotte Sri Lanka
100%
1996 Dar es Salaam Dodoma Tanzania
100%
1983 Abidjan Yamoussoukro Ivory Coast
95%
1975 Zomba Lilongwe Malawi
90%
No matching quizzes found
Score Distribution
Percent of People with Each Score
Percentile by Number Answered
Your Score History
You have not taken this quiz